Loading...
| Current Events | 1 | 20.00 | 100% | 100% | 0% |
| Fine Arts - Classical Music | 4 | 10.00 | 75% | 25% | 0% |
| Fine Arts - Other | 6 | 6.67 | 67% | 0% | 0% |
| Fine Arts - Painting & Sculpture | 7 | 10.00 | 71% | 29% | 0% |
| Geography | 4 | 10.00 | 100% | 0% | 0% |
| History - American | 6 | 11.67 | 83% | 33% | 0% |
| History - European | 8 | 12.50 | 88% | 25% | 13% |
| History - Other | 6 | 11.67 | 100% | 17% | 0% |
| History - World | 5 | 12.00 | 100% | 20% | 0% |
| Literature - American | 8 | 6.25 | 50% | 0% | 13% |
| Literature - British | 8 | 2.50 | 25% | 0% | 0% |
| Literature - European | 7 | 5.71 | 43% | 14% | 0% |
| Literature - World | 7 | 7.14 | 57% | 0% | 14% |
| Mythology | 1 | 10.00 | 100% | 0% | 0% |
| Other Academic | 3 | 10.00 | 67% | 33% | 0% |
| Philosophy | 5 | 14.00 | 100% | 40% | 0% |
| Religion | 2 | 15.00 | 100% | 0% | 50% |
| Science - Biology | 6 | 10.00 | 83% | 17% | 0% |
| Science - Chemistry | 3 | 13.33 | 100% | 33% | 0% |
| Science - Other | 9 | 11.11 | 78% | 33% | 0% |
| Science - Physics | 7 | 10.00 | 57% | 43% | 0% |
| Social Science | 7 | 11.43 | 86% | 29% | 0% |